000 00349nam a22001577a 4500
003 MPLRDC
005 20220104144305.0
008 210129b ||||| |||| 00| 0 eng d
082 _a965 NNS
100 _a倪南山编
245 _a新图案字
_c
260 _a
_b香港南山出版社
_c
300 _b
650 _a
942 _cBK
_o965 NNS
999 _c48175
_d48165